000
00300nam a2200121Ia 4500
008
190216s9999||||xx |||||||||||||| ||und||
100
_a
Saksena Sp
245
0
_a
Selected Short Stories
260
_b
George Allen & Unwin Ltd
_c
1969
300
_a
106p
650
_a
English Short Stories
942
_c
BK
999
_c
12547
_d
12547